|
|
|
|
| LEADER |
00000nam0a2200000 4500 |
| 001 |
372503 |
| 005 |
20231102012501.0 |
| 035 |
|
|
|a (RuTPU)RU\TPU\retro\29926
|
| 035 |
|
|
|a RU\TPU\book\269767
|
| 090 |
|
|
|a 372503
|
| 100 |
|
|
|a 20221215d1964 k y0rusy50 ca
|
| 101 |
0 |
|
|a rus
|
| 102 |
|
|
|a RU
|
| 105 |
|
|
|a a z 001zy
|
| 200 |
1 |
|
|a Проблемы асимптотической теории нестационарных колебаний
|f Ю. А. Митропольский
|
| 210 |
|
|
|a Москва
|c Наука
|d 1964
|
| 215 |
|
|
|a 431 с.
|c ил.
|
| 320 |
|
|
|a Библиогр.: с. 425-431.
|
| 606 |
1 |
|
|a Колебания нелинейные
|2 stltpush
|3 (RuTPU)RU\TPU\subj\14677
|9 41035
|
| 606 |
1 |
|
|a Асимптотические методы
|x (математический анализ)
|2 stltpush
|3 (RuTPU)RU\TPU\subj\29518
|9 52828
|
| 610 |
1 |
|
|a дифференциальные уравнения
|
| 610 |
1 |
|
|a колебательные системы
|
| 610 |
1 |
|
|a исследование
|
| 610 |
1 |
|
|a собственные колебания
|
| 610 |
1 |
|
|a нелинейные системы
|
| 610 |
1 |
|
|a параметры
|
| 610 |
1 |
|
|a периодические силы
|
| 610 |
1 |
|
|a воздействие
|
| 610 |
1 |
|
|a вынужденные колебания
|
| 610 |
1 |
|
|a одночастотные колебания
|
| 610 |
1 |
|
|a степени свободы
|
| 610 |
1 |
|
|a гироскопические члены
|
| 610 |
1 |
|
|a асимптотические решения
|
| 610 |
1 |
|
|a одночастотные колебания
|
| 610 |
1 |
|
|a турбинные лопатки
|
| 610 |
1 |
|
|a построение
|
| 610 |
1 |
|
|a математическое обоснование
|
| 675 |
|
|
|a 534.222
|v 3
|
| 675 |
|
|
|a 517.928
|v 3
|
| 700 |
|
1 |
|a Митропольский
|b Ю. А.
|g Юрий Алексеевич
|
| 801 |
|
1 |
|a RU
|b 63413507
|c 20140117
|
| 801 |
|
2 |
|a RU
|b 63413507
|c 20221215
|g RCR
|
| 942 |
|
|
|c BK
|